000 00143nam a22000857a 4500
082 _a823
100 _aREV W AWDLY
245 _aFERGUS
942 _cBK
999 _c8318
_d8318